000 00831cam a22002531 4500
001 sa 68017506
003 DLC
005 20260227112703.0
008 790212m19641968io a 000 0 ind
010 _asa 68017506
035 _a(OCoLC)4643841
040 _aDLC
_cOAU
_dOCoLC
_dDLC
042 _apremarc
050 0 0 _aBS1235.3
_b.L43
100 1 _aLempp, Walter.
245 1 0 _aKedjadian;
_btafsiran Alkitab.
260 _aDjakarta,
_bBadan Penerbit Kristen
_c[1964-68]
300 _a2 v.
_billus., maps.
_c19-21 cm.
500 _aCommentary, with text, on part of Genesis.
504 _aIncludes bibliographical references.
505 0 _adjil. 1. Kedjadian v:1-4:26. --djil. 2. Kedjadian 5:1-12:3.
630 0 0 _aBible.
_pGenesis, I-XII
_xCommentaries.
730 0 _aBible.
_pGenesis, I, I-XII, 3.
_lIndonesian.
_sLempp.
_f1964.
999 _c87759
_d87759